Loading...
| Current Events | 1 | 10.00 | 0% | 200% | 0% |
| Fine Arts - Auditory | 7 | 18.57 | 229% | 114% | 143% |
| Fine Arts - Other | 4 | 22.50 | 300% | 150% | 150% |
| Fine Arts - Visual | 7 | 14.29 | 229% | 29% | 143% |
| Geography | 1 | 30.00 | 400% | 200% | 200% |
| History - American | 5 | 18.00 | 400% | 120% | 40% |
| History - European | 4 | 10.00 | 200% | 100% | 0% |
| History - Other | 6 | 15.00 | 267% | 67% | 100% |
| History - World | 6 | 16.67 | 200% | 133% | 100% |
| Literature - American | 9 | 15.56 | 311% | 44% | 111% |
| Literature - British | 4 | 10.00 | 200% | 50% | 50% |
| Literature - European | 7 | 12.86 | 229% | 114% | 29% |
| Literature - World | 5 | 22.00 | 320% | 160% | 120% |
| Mythology | 8 | 10.00 | 200% | 100% | 0% |
| Other Academic | 3 | 16.67 | 400% | 0% | 133% |
| Philosophy | 6 | 16.67 | 200% | 67% | 167% |
| Pop Culture | 4 | 12.50 | 0% | 200% | 50% |
| Religion | 7 | 12.86 | 171% | 29% | 143% |
| Science - Biology | 7 | 12.86 | 114% | 86% | 114% |
| Science - Chemistry | 8 | 13.75 | 200% | 75% | 100% |
| Science - Other | 8 | 15.00 | 300% | 75% | 75% |
| Science - Physics | 6 | 13.33 | 200% | 100% | 67% |
| Social Science | 6 | 15.00 | 267% | 100% | 67% |
| 1 | 10.00 | 0% | 200% | 0% |